Normal view
MARC view
- Baxevanis, Andreas D, Quellette, B.F. Francis
Entry Personal Name
001 - CONTROL NUMBER
- control field: 58958
003 - CONTROL NUMBER IDENTIFIER
- control field: NUST
005 - DATE AND TIME OF LATEST TRANSACTION
- control field: 20210628202235.0
008 - FIXED-LENGTH DATA ELEMENTS
- fixed length control field: 210628|| aca||aabn | a|a d
040 ## - CATALOGING SOURCE
- Original cataloging agency: NUST
- Transcribing agency: NUST
100 ## - HEADING--PERSONAL NAME
- Personal name: Baxevanis, Andreas D, Quellette, B.F. Francis
670 ## - SOURCE DATA FOUND
- Source citation: Work cat.: (NUST): Baxevanis, Andreas D, Quellette, B.F. Francis, Bioinformatics, a practical guide to the analysis of genes and proteins, 2014
